000 00390pab a2200145 454500
008 180718b2006 xxu||||| |||| 00| 0 eng d
100 _aSabia, Joseph J.
245 _aDoes early adolescent sex cause depressive symptoms?
260 _c2006
300 _ap.803-25.
362 _aFall
650 _aSexual behaviour
773 _aJournal of Policy Analysis and Management
909 _a71831
999 _c71831
_d71831